02190nam a22003497a 4500003000400000005001700004008004100021040002200062082002100084100003600105245005600141260004000197300001900237366000800256490000900264505022800273505061400501505011201115505002701227650004601254650005001300650004401350650004801394650004301442650004201485650004801527650004701575650004301622942003201665999001501697952012801712OSt20230427092441.0221006b |||||||| |||| 00| 0 eng d cBiblioteca Lado V a708.972.9bB622c 9821aBishop, Jacquelineeeditor aCalabash/bA Journal of Caribbean arts and Letters/ bNew York UniversityaNew Yorkc2000 c18x23cma155p. efre a1v1 tFictionaMommie, My Star Pupil Watching and Waiting School The Duppy Coconut Tree The Story of Dance and Rain Historie de Dance de Pluie An Excercise in Discipline The Verandah Vanishing Point On The Side Mr. Hugo tPoetryaCurry Powder moruga Alzeiheimer's Disease Anturiums The Last Resort Wrecks Cricketing Caribbean Fresco Boundaries Notes From an Emancipation Poem Stripper, Or Whats In a Name Untitled I Untitled I V The Woman Who Was Not My Gradmother What Patrimony Can do to a Body Six Ways of Envisioning Loss What i want The Spider Speaks Kamau;s Spider Sea Jazz An Attractive Middle-Aged Woman Dines Out Une Sduisante Femme On A Journey to Discover Her Caribbean Ingredient I tHink i Saw Apollo Weeping I Remember Two Seasons Two Guavas Visiting the Dead The Exile's Return The Exile tNon-Fiction aTransferring The Carribbean Babylon ti the Stage The Unbridled Sea The Visual Arts of Aruba tSupplement Catalogus 4 2Tesauro de Arte & ArquitecturaaARTE9703 2Tesauro de Arte & ArquitecturaaEXPOSICIONES  2Tesauro de Arte & ArquitecturaaCULTURA 2Tesauro de Arte & ArquitecturaaAPRECIACION 2Tesauro de Arte & ArquitecturaaTEORIA 2Tesauro de Arte & ArquitecturaaVIDEO 2Tesauro de Arte & ArquitecturaaMUSICA9702 2Tesauro de Arte & ArquitecturaaLITERATURA 2Tesauro de Arte & ArquitecturaaCARIBE 2ddcc1h708.972.9iB622cn0 c3479d3479 00102ddc3140708RevistasaLVbLVd2023-04-27h1i003279l0o708.972.9 B622cp003279r2023-04-27 00:00:00w2023-04-27y1